000
00227nam a22001097a 4500
999
_c
533634
_d
533634
040
_c
dlc
082
_a
823.914
100
_a
Ravi Shankar Etteth
_9
27590
245
_a
The Village of Widows
300
_a
355p
942
_2
ddc
_c
BK